Słoń - Najpopularniejsze piosenki - Statystyki

Ogólne statystyki
  • Ten quiz został rozwiązany 71 razy
  • Średni wynik to 4 z 10
Statystyki odpowiedzi
Nr. Odtworzenia Piosenka Feat. % Poprawnych
1. 22 878 356 Sicario Szpaku
90%
2. 22 478 965 Czerwony Rum
76%
3. 17 647 451 Złoń
66%
4. 8 602 215 X
48%
7. 5 825 821 Wojna Totalna
40%
10. 4 773 200 Suko
31%
6. 6 884 029 Clint Eastwood
26%
5. 7 585 928 Jedna nić Paluch
26%
8. 5 609 310 Szczerze
18%
9. 5 085 407 D2B4
8%
Nie znaleziono quizów pasujących do podanych kryteriów
Rozkład punktacji
Procent ludzi z każdym wynikiem
Percentyl według liczby udzielonych odpowiedzi
Twoja historia wyników
Nie rozwiązałeś tego quizu